000 00639nam a22002417a 4500
003 UA-OsUOA
001 29365
007 ta
008 20041007b un ||||| |||| 00| 0 ukr d
090 _a82(091)(477)
_bІ-90
942 _cBK
040 _aUA-OsUOA
_bukr
_cUA-OsUOA
_dUA-OsUOA
245 _aІсторія української літератури
300 _a451 с.
955 _a2
041 _aukr
080 _a82(091)(477)
260 _aК.
_bНаукова думка
_c1969
246 3 1 _aкн. 1
_n
044 _aUA
650 7 _a82 Література. Літературознавство
_2UDC
999 _c315751
_d315751